书目信息 |
| 题名: |
C# WinForm实践开发教程
|
|
| 作者: | 钱哨 , 李挥剑 , 李继哲 主编 | |
| 分册: | ||
| 出版信息: | 北京 中国水利水电出版社 2010 |
|
| 页数: | 288页 | |
| 开本: | 26cm | |
| 丛书名: | ||
| 单 册: | ||
| 中图分类: | TP312 , TP316.7 | |
| 科图分类: | ||
| 主题词: | C语言--教材--程序设计--高等教育 , 窗口软件--教材--程序设计--高等教育 | |
| 电子资源: | ||
| ISBN: | 978-7-5084-7002-3 | |
| 000 | 01075nam0 2200301 450 | |
| 001 | 145 | |
| 005 | 20161111084000.67 | |
| 009 | 012004424236 | |
| 010 | @a978-7-5084-7002-3@dCNY34.00 | |
| 100 | @a20100201d2010 em y0chiy0110 ea | |
| 101 | 0 | @achi |
| 102 | @aCN@b110000 | |
| 105 | @ay z 000yy | |
| 200 | 1 | @aC# WinForm实践开发教程@9C# WinForm shi jian kai fa jiao cheng@f钱哨,李挥剑,李继哲主编 |
| 210 | @a北京@c中国水利水电出版社@d2010 | |
| 215 | @a288页@d26cm | |
| 300 | @a软件职业技术学院“十一五”规划教材 | |
| 330 | @a本书内容包括:Windows编程基础、WinForm高级控件、文件处理技术、GDI+图形图像编程技术、ADO.NET数据库开发技术、水晶报表技术、CS网络编程技术、WinForm中的打包和部署及WinForm实训。 | |
| 606 | 0 | @aC语言@j教材@x程序设计@x高等教育 |
| 606 | 0 | @a窗口软件@j教材@x程序设计@x高等教育 |
| 610 | 0 | @aC# |
| 690 | @aTP312@v4 | |
| 690 | @aTP316.7@v4 | |
| 701 | 0 | @a钱哨@9qian shao@4主编 |
| 701 | 0 | @a李挥剑@9li hui jian@4主编 |
| 701 | 0 | @a李继哲@9li ji zhe@4主编 |
| 801 | 0 | @aCN@b大连网信软件有限公司图书馆·11@c20161111 |
| 905 | @aZUCC@dTP312@e999 | |
| C# WinForm实践开发教程/钱哨,李挥剑,李继哲主编.-北京:中国水利水电出版社,2010 |
| 288页;26cm |
| 软件职业技术学院“十一五”规划教材 |
| ISBN 978-7-5084-7002-3:CNY34.00 |
| 本书内容包括:Windows编程基础、WinForm高级控件、文件处理技术、GDI+图形图像编程技术、ADO.NET数据库开发技术、水晶报表技术、CS网络编程技术、WinForm中的打包和部署及WinForm实训。 |
| ● |
| 相关链接 |
|
|
|
|
正题名:C# WinForm实践开发教程
索取号:TP312/999
 
预约/预借
| 序号 | 登录号 | 条形码 | 馆藏地/架位号 | 状态 | 备注 |
| 1 | 908102 | 209081027 | 第二样本阅览室/ [索取号:TP312/999] | 在馆 | |
| 2 | 908103 | 209081036 | 密集书库—计算机科学学院/ [索取号:TP312/999] | 在馆 | |
| 3 | 908104 | 209081045 | 第三借阅区/ [索取号:TP312/999] | 在馆 | |
| 4 | 908105 | 209081054 | 第三借阅区/ [索取号:TP312/999] | 在馆 | |
| 5 | 908106 | 209081063 | 第三借阅区/ [索取号:TP312/999] | 在馆 |